00628nam a2200169 i 450000100060000000300090000600500170001500700030003200800410003511100670007624500720014326000510021530000210026685200320028799900170031995201220033646064ES-MaACL20230906161326.0t|030327s1968 sp ||||1| spa d2 aConcurso de Ganado Bovino (n11º. d1968. cTorrelavega)912810aXI Concurso de Ganado Bovino b: reglamento, programa y catálogo. aSantander : bDiputación Provincial, c1968. a55 p. ; c21 cm. aES-MaACLjC-47295 bR.67334 c46064d46064 00104070aATENEOMbATENEOMcDEPO2d2008-01-17eSCl0oC-47295p1048460r2023-02-23 00:00:00w2023-02-23yMONOGRAFIA